UM Logo

Faculty adoption of active learning strategies via paired teaching: (Record no. 20419)

MARC details
000 -LEADER
fixed length control field 00925nam a22002177a 4500
003 - CONTROL NUMBER IDENTIFIER
control field OSt
005 - DATE AND TIME OF LATEST TRANSACTION
control field 20240814131319.0
008 - FIXED-LENGTH DATA ELEMENTS--GENERAL INFORMATION
fixed length control field 240814b ||||| |||| 00| 0 eng d
040 ## - CATALOGING SOURCE
Transcribing agency 0
082 ## - DEWEY DECIMAL CLASSIFICATION NUMBER
Classification number DPer 507 J826 September 2019 - June 2020 v.49 n. 1-5
100 ## - MAIN ENTRY--PERSONAL NAME
Personal name Strubbe, Linda E.
Relator term author.
9 (RLIN) 57639
245 ## - TITLE STATEMENT
Title Faculty adoption of active learning strategies via paired teaching:
Remainder of title conclusions from two science departments /
Statement of responsibility, etc. Linda E. Strubbe, Jared Stang, Tara Holland, Sarah Bean Sherman, and Warren J. Code
260 ## - PUBLICATION, DISTRIBUTION, ETC. (IMPRINT)
Place of publication, distribution, etc. Arlington USA;
Name of publisher, distributor, etc. National Science Teaching Association,
Date of publication, distribution, etc. September/October 2019.
300 ## - PHYSICAL DESCRIPTION
Extent volume 49, pages 31-39,
Other physical details illustration.
700 ## - ADDED ENTRY--PERSONAL NAME
Personal name Strubbe, Linda E.
Relator term author.
9 (RLIN) 57639
700 ## - ADDED ENTRY--PERSONAL NAME
Personal name Stang, Jared.
Relator term author.
9 (RLIN) 57640
700 ## - ADDED ENTRY--PERSONAL NAME
Personal name Holland,Tara.
Relator term author.
9 (RLIN) 57641
700 ## - ADDED ENTRY--PERSONAL NAME
Personal name Sherman, Sarah Bean.
Relator term author.
9 (RLIN) 57642
700 ## - ADDED ENTRY--PERSONAL NAME
Personal name Code,Warren J.
Relator term author.
9 (RLIN) 57643
942 ## - ADDED ENTRY ELEMENTS (KOHA)
Source of classification or shelving scheme Dewey Decimal Classification
Koha item type Periodicals
Holdings
Withdrawn status Lost status Source of classification or shelving scheme Damaged status Not for loan Collection code Home library Current library Date acquired Total Checkouts Full call number Date last seen Price effective from Koha item type Public note
    Dewey Decimal Classification     Periodicals UM Digos College - LIC UM Digos College - LIC 08/14/2024   DPer 507 J826 September 2019 - June 2020 v.49 n. 1-5 08/14/2024 08/14/2024 Periodicals Periodical Article